000 00564cam a22002053a 4500
001 45108
003 PGUSA
005 20140828084030.0
008 140310s2014||||xxu|||||s|||||000 | eng d
040 _aPGUSA
_beng
042 _adc
100 1 _aBurke, Sarah J.
245 1 0 _aP. T. Barnum's Menagerie
_h[electronic resource] /
_cSarah J. Burke
260 _bProject Gutenberg,
_c2014
506 _aPublic domain in the USA.
516 _aElectronic text
830 0 _aProject Gutenberg
_v45108
856 4 0 _uhttp://www.gutenberg.org/ebooks/45108
942 _cEB
999 _c274359
_d274359